000 00866nas a2200301 4500
001 BR0100532
003 BR-BrBNA
005 20231205102038.0
007 ta
008 230509b bl.|||p| |||| 00| 00por d
040 _aBR-BrBNA
_bpor
_cBiblioteca Nacional de Agricultura
041 _a(Pt)
072 _aP34
100 1 _aSilva Filho, G.N.
100 1 _aVidor, C.
245 1 _aSolubilizacao de fosfatos por microrganismos na presenca de fontes de carbono
650 _aMicrorganismo
650 _aFosfato
650 _aCarbono
650 _aSolubilizacao
650 _aMicroelemento
650 _aAmido
650 _aFrutose
650 _aGlicose
773 0 _tRevista Brasileira de Ciencia do Solo (Brazil)
_xISSN 0100-0683
_g(Apr-Jun 2000), v. 24(2) p. 311-319
_wBR0100532
909 _a202311
_bLúcia
_c55
_dLúcia Elande
942 _2AGRIS
_n0
_cANA
999 _c165433
_d165433